Normal view
MARC view
Entry Topical Term
001 - CONTROL NUMBER
- control field: 879080
003 - CONTROL NUMBER IDENTIFIER
- control field:
005 - DATE AND TIME OF LATEST TRANSACTION
- control field: 20210627090637.0
008 - FIXED-LENGTH DATA ELEMENTS
- fixed length control field: 210627|| aca||aabn | a|a d
040 ## - CATALOGING SOURCE
- Original cataloging agency:
- Transcribing agency:
150 ## - HEADING--TOPICAL TERM
- Topical term or geographic name entry element: Animals
- Form subdivision: Nomenclature
670 ## - SOURCE DATA FOUND
- Source citation: Work cat.: ()758553: Raghu Vira 782951, Indian scientific nomenclature of birds of India, Burma and Ceylon /, 1949
